Normal view MARC view
  • Hermida Ruiz, Ángel J.

Entry Nombre Personal

Number of records used in: 23

001 - NUMERO DE CONTROL

  • campo de control: 28891

003 - IDENTIFICADOR DE NUMERO DE CONTROL

  • campo de control: DLC

005 - FECHA Y HORA DE LA ÜLTIMA TRANSACCIÓN

  • campo de control: 20231016105612.0

008 - DATOS DE LONGITUD FIJA

  • campo de control de longitud fija: 821110n| acannaabn |a aaa

010 ## - NÚMERO DE CONTROL DE LA BIBLIOTECA DEL CONGRESO

  • Número de control LC: n 82099939

035 ## - NUMERO DE CONTROL

  • Número de control: (OCoLC)oca00796504

040 ## - FUENTE DE CATALOGACIÓN

  • Agencia original de catalogación: DLC
  • Lenguaje de catalogación: spa
  • Agencia de transcripción: DLC
  • Agencia que lo modifica: DLC
  • Agencia que lo modifica: OCoLC
  • Agencia que lo modifica: MX-MxUPN

100 1# - ENCABEZAMIENTO - NOMBRE PERSONAL

  • Nombre personal: Hermida Ruiz, Ángel J.

670 ## - FUENTE EN LA QUE SE LOCALIZARON DATOS

  • Cita de la fuente: Author's Juárez y la reforma, 1965.

670 ## - FUENTE EN LA QUE SE LOCALIZARON DATOS

  • Cita de la fuente: La batalla por el petróleo en Veracruz, 1991:
  • Información localizada: t.p. (Angel J. Hermida Ruiz) solapa (b. Alvarado, Ver., [Mexico], 4-23-1917)

670 ## - FUENTE EN LA QUE SE LOCALIZARON DATOS

  • Cita de la fuente: Cárdenas y el petróleo nacionalizado, 1999:
  • Información localizada: portada (Ángel J. Hermida Ruiz)

902 ## - CATALOGADOR

  • Catalogador: Víctor Ruiz/161023